[Event "European Women's Chess Club Cup 2023"]
[Site "Durres, Albania"]
[Date "2023.10.03"]
[Round "3.1"]
[White "Stefanova, Antoaneta"]
[Black "Khotenashvili, Bella"]
[Result "1/2-1/2"]
[TimeControl "90' + 30' & 30\""]
[WhiteElo "2424"]
[BlackElo "2483"]

1. e4 {[%clk 01:30:55]} {[%emt 00:00:04]} c6 {[%clk 01:30:20]} {[%emt
00:00:41]} 2. Nf3 {[%clk 01:31:13]} {[%emt 00:00:11]} d5 {[%clk 01:29:34]}
{[%emt 00:01:17]} 3. d3 {[%clk 01:31:39]} {[%emt 00:00:05]} g6 {[%clk
01:27:24]} {[%emt 00:02:39]} 4. e5 {[%clk 01:31:42]} {[%emt 00:00:27]} Bg7
{[%clk 01:26:55]} {[%emt 00:00:59]} 5. d4 {[%clk 01:31:44]} {[%emt 00:00:28]}
Nh6 {[%clk 01:27:05]} {[%emt 00:00:20]} 6. Bd3 {[%clk 01:22:08]} {[%emt
00:10:06]} f6 {[%clk 01:25:57]} {[%emt 00:01:38]} 7. exf6 {[%clk 01:21:49]}
{[%emt 00:00:49]} exf6 {[%clk 01:26:22]} {[%emt 00:00:05]} 8. O-O {[%clk
01:21:43]} {[%emt 00:00:36]} O-O {[%clk 01:26:09]} {[%emt 00:00:43]} 9. c4
{[%clk 01:21:42]} {[%emt 00:00:30]} dxc4 {[%clk 01:21:32]} {[%emt 00:05:07]} 10.
Bxc4+ {[%clk 01:22:01]} {[%emt 00:00:12]} Kh8 {[%clk 01:21:57]} {[%emt
00:00:05]} 11. h3 {[%clk 01:15:38]} {[%emt 00:06:52]} Nd7 {[%clk 01:13:57]}
{[%emt 00:08:31]} 12. Nc3 {[%clk 01:13:54]} {[%emt 00:02:14]} Nb6 {[%clk
01:13:34]} {[%emt 00:00:53]} 13. Bb3 {[%clk 01:13:54]} {[%emt 00:00:30]} Re8
{[%clk 01:07:10]} {[%emt 00:06:54]} 14. d5 {[%clk 00:58:08]} {[%emt 00:16:17]}
cxd5 {[%clk 00:58:31]} {[%emt 00:09:08]} 15. Nxd5 {[%clk 00:57:59]} {[%emt
00:00:39]} Be6 {[%clk 00:51:51]} {[%emt 00:07:10]} 16. Nxb6 {[%clk 00:57:02]}
{[%emt 00:01:27]} Qxb6 {[%clk 00:50:40]} {[%emt 00:01:41]} 17. Be3 {[%clk
00:53:32]} {[%emt 00:03:59]} Qb4 {[%clk 00:42:25]} {[%emt 00:08:46]} 18. Bd2
{[%clk 00:44:00]} {[%emt 00:10:01]} Qb6 {[%clk 00:39:21]} {[%emt 00:03:35]} 19.
Be3 {[%clk 00:40:55]} {[%emt 00:03:35]} Qb4 {[%clk 00:38:52]} {[%emt 00:00:58]}
20. Bd2 {[%clk 00:38:32]} {[%emt 00:02:53]} Qb6 {[%clk 00:39:08]} {[%emt
00:00:14]} 21. Be3 {[%clk 00:37:31]} {[%emt 00:01:31]} Qb4 {[%clk 00:39:25]}
{[%emt 00:00:13]} 1/2-1/2

[Event "European Women's Chess Club Cup 2023"]
[Site "Durres, Albania"]
[Date "2023.10.03"]
[Round "3.2"]
[White "Hoang, Thanh Trang"]
[Black "Socko, Monika"]
[Result "1/2-1/2"]
[TimeControl "90' + 30' & 30\""]
[WhiteElo "2398"]
[BlackElo "2380"]

1. d4 {[%clk 01:30:51]} {[%emt 00:00:07]} Nf6 {[%clk 01:30:56]} {[%emt
00:00:05]} 2. Nf3 {[%clk 01:30:58]} {[%emt 00:00:23]} g6 {[%clk 01:31:23]}
{[%emt 00:00:04]} 3. g3 {[%clk 01:30:49]} {[%emt 00:00:39]} Bg7 {[%clk
01:31:35]} {[%emt 00:00:18]} 4. Bg2 {[%clk 01:31:01]} {[%emt 00:00:17]} d6
{[%clk 01:31:42]} {[%emt 00:00:24]} 5. O-O {[%clk 01:30:59]} {[%emt 00:00:31]}
O-O {[%clk 01:32:08]} {[%emt 00:00:04]} 6. a4 {[%clk 01:30:57]} {[%emt
00:00:32]} a5 {[%clk 01:32:35]} {[%emt 00:00:04]} 7. Re1 {[%clk 01:30:28]}
{[%emt 00:00:58]} Nc6 {[%clk 01:32:28]} {[%emt 00:00:37]} 8. e4 {[%clk
01:29:25]} {[%emt 00:01:33]} e5 {[%clk 01:29:09]} {[%emt 00:03:49]} 9. c3
{[%clk 01:27:56]} {[%emt 00:01:58]} exd4 {[%clk 01:27:48]} {[%emt 00:01:52]} 10.
Nxd4 {[%clk 01:22:46]} {[%emt 00:05:40]} Bd7 {[%clk 01:23:11]} {[%emt
00:05:07]} 11. Na3 {[%clk 01:15:07]} {[%emt 00:08:09]} Re8 {[%clk 01:21:35]}
{[%emt 00:02:06]} 12. Nab5 {[%clk 01:13:07]} {[%emt 00:02:29]} Nxd4 {[%clk
01:12:46]} {[%emt 00:09:20]} 13. Nxd4 {[%clk 01:10:35]} {[%emt 00:03:02]} Qc8
{[%clk 01:03:37]} {[%emt 00:09:39]} 14. Bf4 {[%clk 01:05:29]} {[%emt 00:05:37]}
Bh3 {[%clk 01:01:10]} {[%emt 00:02:57]} 15. Qc2 {[%clk 00:56:22]} {[%emt
00:09:36]} Bxg2 {[%clk 00:53:33]} {[%emt 00:08:07]} 16. Kxg2 {[%clk 00:56:41]}
{[%emt 00:00:11]} Re7 {[%clk 00:48:07]} {[%emt 00:05:55]} 17. Rad1 {[%clk
00:48:15]} {[%emt 00:08:56]} d5 {[%clk 00:39:21]} {[%emt 00:09:18]} 18. exd5
{[%clk 00:44:55]} {[%emt 00:03:49]} Rxe1 {[%clk 00:39:45]} {[%emt 00:00:07]} 19.
Rxe1 {[%clk 00:45:12]} {[%emt 00:00:12]} Nxd5 {[%clk 00:40:03]} {[%emt
00:00:13]} 20. Be5 {[%clk 00:36:58]} {[%emt 00:08:43]} Qd7 {[%clk 00:37:26]}
{[%emt 00:03:07]} 21. Bxg7 {[%clk 00:35:34]} {[%emt 00:01:54]} Kxg7 {[%clk
00:37:54]} {[%emt 00:00:03]} 22. Qe4 {[%clk 00:35:02]} {[%emt 00:01:01]} Rd8
{[%clk 00:33:49]} {[%emt 00:04:36]} 23. Nf3 {[%clk 00:32:30]} {[%emt 00:03:01]}
c6 {[%clk 00:29:25]} {[%emt 00:04:55]} 24. c4 {[%clk 00:27:50]} {[%emt
00:05:10]} Nf6 {[%clk 00:28:28]} {[%emt 00:01:27]} 25. Qe5 {[%clk 00:27:16]}
{[%emt 00:01:04]} b6 {[%clk 00:27:50]} {[%emt 00:01:08]} 26. Qc3 {[%clk
00:23:47]} {[%emt 00:03:59]} Qd3 {[%clk 00:23:33]} {[%emt 00:04:47]} 27. Qxd3
{[%clk 00:20:01]} {[%emt 00:04:16]} Rxd3 {[%clk 00:24:02]} {[%emt 00:00:02]} 28.
Re7 {[%clk 00:18:27]} {[%emt 00:02:02]} Rd7 {[%clk 00:24:18]} {[%emt 00:00:15]}
29. Re3 {[%clk 00:16:54]} {[%emt 00:02:02]} c5 {[%clk 00:23:48]} {[%emt
00:01:00]} 30. h3 {[%clk 00:16:24]} {[%emt 00:01:00]} Kf8 {[%clk 00:22:48]}
{[%emt 00:01:30]} 31. Kf1 {[%clk 00:13:56]} {[%emt 00:02:58]} Re7 {[%clk
00:22:15]} {[%emt 00:01:04]} 32. Ne5 {[%clk 00:13:32]} {[%emt 00:00:53]} Nd7
{[%clk 00:21:26]} {[%emt 00:01:19]} 33. Nxd7+ {[%clk 00:13:08]} {[%emt
00:00:54]} Rxd7 {[%clk 00:21:55]} {[%emt 00:00:02]} 34. Ke2 {[%clk 00:13:20]}
{[%emt 00:00:18]} Rd4 {[%clk 00:21:03]} {[%emt 00:01:22]} 35. b3 {[%clk
00:13:18]} {[%emt 00:00:30]} h5 {[%clk 00:20:46]} {[%emt 00:00:48]} 36. Rd3
{[%clk 00:12:36]} {[%emt 00:01:12]} Re4+ {[%clk 00:19:32]} {[%emt 00:01:45]} 37.
Kf3 {[%clk 00:12:24]} {[%emt 00:00:42]} Re6 {[%clk 00:19:57]} {[%emt 00:00:05]}
38. Rd7 {[%clk 00:12:31]} {[%emt 00:00:22]} Kg7 {[%clk 00:19:08]} {[%emt
00:01:19]} 39. Rb7 {[%clk 00:10:26]} {[%emt 00:02:34]} Kf6 {[%clk 00:18:22]}
{[%emt 00:01:17]} 40. g4 {[%clk 00:09:29]} {[%emt 00:01:28]} hxg4+ {[%clk
00:17:38]} {[%emt 00:01:15]} 41. hxg4 {[%clk 00:09:45]} {[%emt 00:00:13]} Rd6
{[%clk 00:16:41]} {[%emt 00:01:26]} 42. Ke3 {[%clk 00:07:15]} {[%emt 00:03:00]}
g5 {[%clk 00:16:34]} {[%emt 00:00:38]} 43. f4 {[%clk 00:03:48]} {[%emt
00:03:56]} gxf4+ {[%clk 00:15:11]} {[%emt 00:01:54]} 44. Kxf4 {[%clk 00:04:10]}
{[%emt 00:00:08]} Rd4+ {[%clk 00:14:40]} {[%emt 00:01:01]} 45. Kf3 {[%clk
00:04:06]} {[%emt 00:00:34]} Rd6 {[%clk 00:15:00]} {[%emt 00:00:10]} 46. Kf4
{[%clk 00:04:11]} {[%emt 00:00:25]} Rd4+ {[%clk 00:15:26]} {[%emt 00:00:04]} 47.
Kf3 {[%clk 00:04:32]} {[%emt 00:00:09]} Rd6 {[%clk 00:15:51]} {[%emt 00:00:04]}
1/2-1/2

[Event "European Women's Chess Club Cup 2023"]
[Site "Durres, Albania"]
[Date "2023.10.03"]
[Round "3.3"]
[White "Cyfka, Karina"]
[Black "Salimova, Nurgyul"]
[Result "1/2-1/2"]
[TimeControl "90' + 30' & 30\""]
[WhiteElo "2350"]
[BlackElo "2424"]

1. d4 {[%clk 01:30:53]} {[%emt 00:00:05]} Nf6 {[%clk 01:30:53]} {[%emt
00:00:09]} 2. c4 {[%clk 01:30:56]} {[%emt 00:00:26]} e6 {[%clk 01:31:14]}
{[%emt 00:00:09]} 3. Nc3 {[%clk 01:31:06]} {[%emt 00:00:20]} d5 {[%clk
01:31:24]} {[%emt 00:00:21]} 4. cxd5 {[%clk 01:30:50]} {[%emt 00:00:46]} exd5
{[%clk 01:31:49]} {[%emt 00:00:04]} 5. Bg5 {[%clk 01:31:00]} {[%emt 00:00:21]}
Be7 {[%clk 01:31:47]} {[%emt 00:00:32]} 6. e3 {[%clk 01:30:51]} {[%emt
00:00:38]} h6 {[%clk 01:31:06]} {[%emt 00:01:11]} 7. Bh4 {[%clk 01:22:50]}
{[%emt 00:08:32]} Bg4 {[%clk 01:30:49]} {[%emt 00:00:47]} 8. Qc2 {[%clk
01:18:13]} {[%emt 00:05:07]} O-O {[%clk 01:30:24]} {[%emt 00:00:54]} 9. h3
{[%clk 01:15:42]} {[%emt 00:03:01]} Be6 {[%clk 01:30:37]} {[%emt 00:00:18]} 10.
Bd3 {[%clk 01:11:14]} {[%emt 00:04:57]} Ne8 {[%clk 01:23:14]} {[%emt 00:07:53]}
11. Bxe7 {[%clk 01:09:00]} {[%emt 00:02:44]} Qxe7 {[%clk 01:23:39]} {[%emt
00:00:06]} 12. Nge2 {[%clk 01:09:25]} {[%emt 00:00:04]} Nd6 {[%clk 01:23:25]}
{[%emt 00:00:45]} 13. Nf4 {[%clk 01:04:14]} {[%emt 00:05:40]} c6 {[%clk
01:19:26]} {[%emt 00:04:30]} 14. O-O {[%clk 01:02:29]} {[%emt 00:02:14]} Nd7
{[%clk 01:19:17]} {[%emt 00:00:39]} 15. Rae1 {[%clk 01:00:11]} {[%emt
00:02:48]} Rae8 {[%clk 01:18:12]} {[%emt 00:01:35]} 16. f3 {[%clk 00:57:33]}
{[%emt 00:03:09]} Qg5 {[%clk 01:13:03]} {[%emt 00:05:38]} 17. Qf2 {[%clk
00:50:25]} {[%emt 00:07:38]} h5 {[%clk 00:42:41]} {[%emt 00:30:52]} 18. h4
{[%clk 00:47:29]} {[%emt 00:03:26]} Qh6 {[%clk 00:41:40]} {[%emt 00:01:31]} 19.
Qg3 {[%clk 00:40:31]} {[%emt 00:07:28]} Bf5 {[%clk 00:37:06]} {[%emt 00:05:05]}
20. e4 {[%clk 00:24:01]} {[%emt 00:16:59]} dxe4 {[%clk 00:36:53]} {[%emt
00:00:43]} 21. fxe4 {[%clk 00:24:25]} {[%emt 00:00:06]} Bg4 {[%clk 00:37:02]}
{[%emt 00:00:21]} 22. e5 {[%clk 00:21:06]} {[%emt 00:03:49]} Nf5 {[%clk
00:36:08]} {[%emt 00:01:24]} 23. Bxf5 {[%clk 00:19:43]} {[%emt 00:01:53]} Bxf5
{[%clk 00:36:31]} {[%emt 00:00:06]} 24. Nfd5 {[%clk 00:17:30]} {[%emt
00:02:44]} Bg4 {[%clk 00:30:55]} {[%emt 00:06:07]} 25. Ne3 {[%clk 00:16:39]}
{[%emt 00:01:20]} f5 {[%clk 00:28:35]} {[%emt 00:02:50]} 26. Nc4 {[%clk
00:15:04]} {[%emt 00:02:05]} f4 {[%clk 00:27:04]} {[%emt 00:02:00]} 27. Qd3
{[%clk 00:14:51]} {[%emt 00:00:44]} f3 {[%clk 00:25:48]} {[%emt 00:01:46]} 28.
g3 {[%clk 00:10:19]} {[%emt 00:05:02]} c5 {[%clk 00:14:12]} {[%emt 00:12:06]}
29. Nd6 {[%clk 00:04:43]} {[%emt 00:06:06]} Qxd6 {[%clk 00:05:23]} {[%emt
00:09:20]} 30. exd6 {[%clk 00:05:05]} {[%emt 00:00:07]} f2+ {[%clk 00:05:29]}
{[%emt 00:00:23]} 31. Rxf2 {[%clk 00:04:28]} {[%emt 00:01:08]} Rxe1+ {[%clk
00:05:55]} {[%emt 00:00:04]} 32. Kg2 {[%clk 00:04:49]} {[%emt 00:00:10]} Bh3+
{[%clk 00:06:13]} {[%emt 00:00:11]} 33. Kxh3 {[%clk 00:05:12]} {[%emt
00:00:07]} Rxf2 {[%clk 00:06:39]} {[%emt 00:00:04]} 34. g4 {[%clk 00:02:34]}
{[%emt 00:03:07]} hxg4+ {[%clk 00:04:09]} {[%emt 00:03:00]} 35. Kxg4 {[%clk
00:02:44]} {[%emt 00:00:21]} cxd4 {[%clk 00:02:53]} {[%emt 00:01:46]} 36. Qxd4
{[%clk 00:02:08]} {[%emt 00:01:06]} Ne5+ {[%clk 00:02:21]} {[%emt 00:01:03]} 37.
Kg3 {[%clk 00:02:06]} {[%emt 00:00:31]} Rf3+ {[%clk 00:02:30]} {[%emt
00:00:21]} 38. Kg2 {[%clk 00:02:25]} {[%emt 00:00:10]} Rf7 {[%clk 00:01:22]}
{[%emt 00:01:39]} 39. Qd5 {[%clk 00:01:21]} {[%emt 00:01:34]} Kf8 {[%clk
00:01:15]} {[%emt 00:00:37]} 40. Qc5 {[%clk 00:00:56]} {[%emt 00:00:55]} Kg8
{[%clk 00:01:04]} {[%emt 00:00:42]} 41. Qd5 {[%clk 00:23:36]} {[%emt 00:07:49]}
Kf8 {[%clk 00:29:13]} {[%emt 00:02:21]} 42. Qe6 {[%clk 00:16:48]} {[%emt
00:07:18]} Rf2+ {[%clk 00:27:40]} {[%emt 00:02:03]} 43. Kg3 {[%clk 00:16:53]}
{[%emt 00:00:25]} Rf3+ {[%clk 00:24:57]} {[%emt 00:03:13]} 44. Kg2 {[%clk
00:17:17]} {[%emt 00:00:06]} Rf2+ {[%clk 00:25:24]} {[%emt 00:00:03]} 45. Kg3
{[%clk 00:17:26]} {[%emt 00:00:21]} Rf3+ {[%clk 00:25:49]} {[%emt 00:00:05]}
1/2-1/2

[Event "European Women's Chess Club Cup 2023"]
[Site "Durres, Albania"]
[Date "2023.10.03"]
[Round "3.4"]
[White "Gaal, Zsoka"]
[Black "Ndreko, Ailin"]
[Result "1-0"]
[TimeControl "90' + 30' & 30\""]
[WhiteElo "2305"]
[BlackElo "1263"]

1. Nf3 {[%clk 01:30:56]} {[%emt 00:00:03]} d5 {[%clk 01:29:33]} {[%emt
00:01:28]} 2. g3 {[%clk 01:31:16]} {[%emt 00:00:10]} Nf6 {[%clk 01:27:45]}
{[%emt 00:02:18]} 3. Bg2 {[%clk 01:31:37]} {[%emt 00:00:10]} e6 {[%clk
01:25:48]} {[%emt 00:02:26]} 4. O-O {[%clk 01:31:51]} {[%emt 00:00:15]} Bd6
{[%clk 01:23:54]} {[%emt 00:02:25]} 5. d4 {[%clk 01:31:30]} {[%emt 00:00:52]}
O-O {[%clk 01:20:55]} {[%emt 00:03:28]} 6. c4 {[%clk 01:31:25]} {[%emt
00:00:35]} c6 {[%clk 01:16:53]} {[%emt 00:04:32]} 7. Nbd2 {[%clk 01:27:41]}
{[%emt 00:04:14]} b6 {[%clk 01:13:21]} {[%emt 00:04:02]} 8. Qc2 {[%clk
01:26:50]} {[%emt 00:01:22]} h6 {[%clk 01:10:33]} {[%emt 00:03:18]} 9. b3
{[%clk 01:26:04]} {[%emt 00:01:15]} Bb7 {[%clk 01:07:14]} {[%emt 00:03:48]} 10.
Bb2 {[%clk 01:26:24]} {[%emt 00:00:10]} Nbd7 {[%clk 01:06:22]} {[%emt
00:01:22]} 11. Rad1 {[%clk 01:21:50]} {[%emt 00:05:05]} Rc8 {[%clk 00:59:12]}
{[%emt 00:07:40]} 12. e4 {[%clk 01:20:46]} {[%emt 00:01:34]} dxe4 {[%clk
00:59:11]} {[%emt 00:00:31]} 13. Nxe4 {[%clk 01:21:07]} {[%emt 00:00:09]} Nxe4
{[%clk 00:59:03]} {[%emt 00:00:38]} 14. Qxe4 {[%clk 01:21:29]} {[%emt
00:00:07]} Nf6 {[%clk 00:58:57]} {[%emt 00:00:36]} 15. Qc2 {[%clk 01:16:54]}
{[%emt 00:05:06]} Qe7 {[%clk 00:55:42]} {[%emt 00:03:45]} 16. Rfe1 {[%clk
01:15:18]} {[%emt 00:02:06]} Rfd8 {[%clk 00:52:20]} {[%emt 00:03:51]} 17. Qc1
{[%clk 01:03:30]} {[%emt 00:12:19]} Bc7 {[%clk 00:34:30]} {[%emt 00:18:20]} 18.
Nh4 {[%clk 00:48:05]} {[%emt 00:15:55]} Bd6 {[%clk 00:31:27]} {[%emt 00:03:34]}
19. d5 {[%clk 00:42:50]} {[%emt 00:05:45]} Rd7 {[%clk 00:26:48]} {[%emt
00:05:04]} 20. dxe6 {[%clk 00:38:01]} {[%emt 00:05:24]} fxe6 {[%clk 00:26:17]}
{[%emt 00:01:00]} 21. Nf5 {[%clk 00:38:10]} {[%emt 00:00:22]} Qf8 {[%clk
00:25:40]} {[%emt 00:01:05]} 22. Rxe6 {[%clk 00:37:12]} {[%emt 00:01:29]} Ne8
{[%clk 00:24:57]} {[%emt 00:01:12]} 23. Nxd6 {[%clk 00:34:26]} {[%emt
00:03:17]} Nxd6 {[%clk 00:25:03]} {[%emt 00:00:23]} 24. Bxg7 {[%clk 00:30:37]}
{[%emt 00:04:20]} Rxg7 {[%clk 00:25:16]} {[%emt 00:00:17]} 25. Rdxd6 {[%clk
00:30:05]} {[%emt 00:01:02]} h5 {[%clk 00:24:48]} {[%emt 00:00:59]} 26. Qh6
{[%clk 00:30:05]} {[%emt 00:00:30]} Rcc7 {[%clk 00:24:33]} {[%emt 00:00:44]} 27.
Qxh5 {[%clk 00:30:15]} {[%emt 00:00:20]} Rc8 {[%clk 00:24:53]} {[%emt
00:00:10]} 28. Rh6 {[%clk 00:30:31]} {[%emt 00:00:14]} 1-0

[Event "European Women's Chess Club Cup 2023"]
[Site "Durres, Albania"]
[Date "2023.10.03"]
[Round "3.5"]
[White "Batsiashvili, Nino"]
[Black "Song, Yuxin"]
[Result "1/2-1/2"]
[TimeControl "90' + 30' & 30\""]
[WhiteElo "2475"]
[BlackElo "2404"]

1. d4 {[%clk 01:30:56]} {[%emt 00:00:02]} Nf6 {[%clk 01:30:45]} {[%emt
00:00:16]} 2. c4 {[%clk 01:31:23]} {[%emt 00:00:03]} e6 {[%clk 01:31:06]}
{[%emt 00:00:09]} 3. Nc3 {[%clk 01:31:47]} {[%emt 00:00:07]} Bb4 {[%clk
01:31:27]} {[%emt 00:00:08]} 4. Nf3 {[%clk 01:32:13]} {[%emt 00:00:04]} O-O
{[%clk 01:31:44]} {[%emt 00:00:12]} 5. Bg5 {[%clk 01:32:39]} {[%emt 00:00:04]}
c5 {[%clk 01:31:50]} {[%emt 00:00:24]} 6. e3 {[%clk 01:32:00]} {[%emt
00:01:10]} cxd4 {[%clk 01:32:14]} {[%emt 00:00:06]} 7. exd4 {[%clk 01:32:26]}
{[%emt 00:00:04]} d5 {[%clk 01:32:09]} {[%emt 00:00:35]} 8. Rc1 {[%clk
01:32:49]} {[%emt 00:00:07]} Be7 {[%clk 01:32:30]} {[%emt 00:00:09]} 9. Be2
{[%clk 01:31:44]} {[%emt 00:01:35]} dxc4 {[%clk 01:19:58]} {[%emt 00:13:02]} 10.
O-O {[%clk 01:30:31]} {[%emt 00:01:44]} b6 {[%clk 01:17:24]} {[%emt 00:03:03]}
11. Ne5 {[%clk 01:14:09]} {[%emt 00:16:52]} Bb7 {[%clk 01:13:28]} {[%emt
00:04:25]} 12. Bxc4 {[%clk 01:10:59]} {[%emt 00:03:41]} Nbd7 {[%clk 00:58:19]}
{[%emt 00:15:37]} 13. Re1 {[%clk 01:10:30]} {[%emt 00:01:01]} h6 {[%clk
00:48:59]} {[%emt 00:09:50]} 14. Bxf6 {[%clk 00:51:38]} {[%emt 00:19:23]} Bxf6
{[%clk 00:41:14]} {[%emt 00:08:14]} 15. Nxf7 {[%clk 00:50:22]} {[%emt
00:01:47]} Rxf7 {[%clk 00:41:24]} {[%emt 00:00:19]} 16. Bxe6 {[%clk 00:50:51]}
{[%emt 00:00:02]} Nf8 {[%clk 00:38:00]} {[%emt 00:03:53]} 17. Bxf7+ {[%clk
00:47:08]} {[%emt 00:04:12]} Kxf7 {[%clk 00:38:23]} {[%emt 00:00:08]} 18. Qb3+
{[%clk 00:47:27]} {[%emt 00:00:12]} Kg6 {[%clk 00:38:44]} {[%emt 00:00:08]} 19.
Ne4 {[%clk 00:36:58]} {[%emt 00:10:59]} Bxe4 {[%clk 00:33:55]} {[%emt
00:05:19]} 20. Rxe4 {[%clk 00:37:13]} {[%emt 00:00:15]} Rc8 {[%clk 00:34:06]}
{[%emt 00:00:18]} 21. Rxc8 {[%clk 00:35:27]} {[%emt 00:02:17]} Qxc8 {[%clk
00:33:42]} {[%emt 00:00:54]} 22. h4 {[%clk 00:34:51]} {[%emt 00:01:06]} h5
{[%clk 00:26:45]} {[%emt 00:07:26]} 23. Qd3 {[%clk 00:31:43]} {[%emt 00:03:39]}
Kf7 {[%clk 00:25:55]} {[%emt 00:01:20]} 24. Qb3+ {[%clk 00:20:22]} {[%emt
00:11:52]} Kg6 {[%clk 00:26:05]} {[%emt 00:00:19]} 25. g3 {[%clk 00:20:40]}
{[%emt 00:00:12]} Qf5 {[%clk 00:16:02]} {[%emt 00:10:32]} 26. Rf4 {[%clk
00:20:52]} {[%emt 00:00:19]} Qd7 {[%clk 00:13:34]} {[%emt 00:02:58]} 27. d5
{[%clk 00:19:20]} {[%emt 00:02:02]} Qd6 {[%clk 00:11:59]} {[%emt 00:02:03]} 28.
Qf3 {[%clk 00:18:29]} {[%emt 00:01:22]} Qe5 {[%clk 00:10:15]} {[%emt 00:02:15]}
29. Re4 {[%clk 00:12:14]} {[%emt 00:06:45]} Qf5 {[%clk 00:08:50]} {[%emt
00:01:55]} 30. Qd3 {[%clk 00:05:13]} {[%emt 00:07:31]} Kh7 {[%clk 00:09:16]}
{[%emt 00:00:05]} 31. d6 {[%clk 00:05:13]} {[%emt 00:00:30]} Nd7 {[%clk
00:08:38]} {[%emt 00:01:07]} 32. Qe2 {[%clk 00:05:27]} {[%emt 00:00:16]} Be5
{[%clk 00:08:04]} {[%emt 00:01:04]} 33. Re3 {[%clk 00:05:35]} {[%emt 00:00:22]}
Kg6 {[%clk 00:04:17]} {[%emt 00:04:17]} 34. Rf3 {[%clk 00:04:23]} {[%emt
00:01:43]} Qe6 {[%clk 00:04:01]} {[%emt 00:00:45]} 35. Qe4+ {[%clk 00:03:52]}
{[%emt 00:01:01]} Kh6 {[%clk 00:04:30]} {[%emt 00:00:01]} 36. Re3 {[%clk
00:02:37]} {[%emt 00:01:45]} Qf7 {[%clk 00:01:44]} {[%emt 00:03:16]} 37. Rd3
{[%clk 00:01:08]} {[%emt 00:01:57]} g6 {[%clk 00:01:01]} {[%emt 00:01:15]} 38.
b3 {[%clk 00:01:09]} {[%emt 00:00:29]} Kg7 {[%clk 00:01:05]} {[%emt 00:00:25]}
39. Qb7 {[%clk 00:01:16]} {[%emt 00:00:21]} a5 {[%clk 00:00:57]} {[%emt
00:00:41]} 40. Kg2 {[%clk 00:00:48]} {[%emt 00:00:58]} Qf5 {[%clk 00:00:39]}
{[%emt 00:00:48]} 41. Rf3 {[%clk 00:19:57]} {[%emt 00:11:20]} Qe6 {[%clk
00:30:23]} {[%emt 00:00:46]} 42. Re3 {[%clk 00:20:17]} {[%emt 00:00:10]} Qf7
{[%clk 00:20:59]} {[%emt 00:09:55]} 43. Qc6 {[%clk 00:19:29]} {[%emt 00:01:17]}
Kh6 {[%clk 00:19:16]} {[%emt 00:02:13]} 44. f4 {[%clk 00:16:15]} {[%emt
00:03:45]} Nb8 {[%clk 00:15:32]} {[%emt 00:04:14]} 45. Qc8 {[%clk 00:09:44]}
{[%emt 00:07:00]} Qd5+ {[%clk 00:15:57]} {[%emt 00:00:06]} 46. Rf3 {[%clk
00:09:22]} {[%emt 00:00:52]} Qd2+ {[%clk 00:16:21]} {[%emt 00:00:06]} 47. Rf2
{[%clk 00:08:51]} {[%emt 00:01:00]} Qd5+ {[%clk 00:16:49]} {[%emt 00:00:03]} 48.
Kh2 {[%clk 00:08:37]} {[%emt 00:00:44]} Qd4 {[%clk 00:17:12]} {[%emt 00:00:07]}
49. fxe5 {[%clk 00:02:18]} {[%emt 00:06:49]} Qxf2+ {[%clk 00:17:38]} {[%emt
00:00:04]} 50. Kh1 {[%clk 00:02:41]} {[%emt 00:00:07]} 1/2-1/2